000
00295 a2200121 4500
000
nam a22 7a 4500
005
20260220051703.0
020
_a
9788119989140
100
_a
Rahul Sankrityayan
_9
1116334
245
_a
Madhur Swapna
260
_b
Radhakrishna Prakashan
_c
2024
942
_c
TEXL
999
_c
1679998
_d
1679998